Normal view
MARC view
- McConkey, A.
Entry Personal Name
001 - CONTROL NUMBER
- control field: 7494
003 - CONTROL NUMBER IDENTIFIER
- control field: NUST
005 - DATE AND TIME OF LATEST TRANSACTION
- control field: 20171221110109.0
008 - FIXED-LENGTH DATA ELEMENTS
- fixed length control field: 171221|| aca||aabn | a|a d
040 ## - CATALOGING SOURCE
- Original cataloging agency: NUST
- Transcribing agency: NUST
100 ## - HEADING--PERSONAL NAME
- Personal name: McConkey, A.
- Fuller form of name: (Allan),
- Dates associated with a name: 1927-
670 ## - SOURCE DATA FOUND
- Source citation: Work cat.: (NUST)8: Eastop, T. D. (Thomas D.) 7133, Applied Thermodynamics for Engineering Technologists /, 1992.
